Catálogo

Vista normal Vista MARC

Entrada Personal Name

Número de registros utilizados en: 1

001 - CONTROL NUMBER

  • control field: 16284

003 - CONTROL NUMBER IDENTIFIER

  • control field: DLC

005 - DATE AND TIME OF LATEST TRANSACTION

  • control field: 20241003122921.0

008 - FIXED-LENGTH DATA ELEMENTS

  • fixed length control field: 150126n| azannaabn |a aaa c

010 ## - LIBRARY OF CONGRESS CONTROL NUMBER

  • LC control number: ns2015000159

035 ## - SYSTEM CONTROL NUMBER

  • System control number: (CaEvSKY)skya10686559

040 ## - CATALOGING SOURCE

  • Original cataloging agency: MX-SlUA
  • Language of cataloging: spa
  • Description conventions: rda
  • Transcribing agency: Mx-PuUPA
  • Modifying agency: Mx-PuUPA

100 1# - HEADING--PERSONAL NAME

  • Personal name: Sánchez-Navarro y Peón, Carlos,

374 ## - OCCUPATION

  • Occupation: Autor

375 ## - GENDER

  • Gender: hombre

377 ## - ASSOCIATED LANGUAGE

  • Language code: spa

400 1# - SEE FROM TRACING--PERSONAL NAME

  • Personal name: Navarro y Peón, Carlos Sánchez-

400 1# - SEE FROM TRACING--PERSONAL NAME

  • Personal name: Peón, Carlos Sánchez-Navarro y

670 ## - SOURCE DATA FOUND

  • Source citation: Memorias de un viejo palacio: (La casa del Banco Nacional de México), 1950:
  • Information found: title page (Carlos Sánchez- Navarro y Peón)

670 ## - SOURCE DATA FOUND

  • Source citation: La guerra de Tejas; memorias de un soldado, 1960:
  • Information found: title page (Carlos Sánchez- Navarro y Peón)